| 000 | 01349cab a2200385 4500 | ||
|---|---|---|---|
| 001 | ABS54368 | ||
| 008 | 090401t1996 xxu||||| |||| 00| 0 eng d | ||
| 035 | _a(Sirsi) u9999 | ||
| 041 | _aeng | ||
| 100 | _aHighmore, R | ||
| 245 | _aBusiness tenancies | ||
| 260 | _c1996 | ||
| 350 | _a0 | ||
| 490 |
_aSolicitors` Journal _v140(2) 19 January 1996, 47-48(2) |
||
| 520 | _aDeals with the serving of notices by landlords and tenants under the Landlord and Tenant Act 1954 Part II. | ||
| 650 | _aBRISTOL CARS V RKH HOTELS | ||
| 650 | _aBUSINESS TENANCIES | ||
| 650 | _aDODSON BULL CARPET CO V CITY OF LONDON CORPORATION | ||
| 650 | _aHERONGROVE V WATES CITY OF LONDON PROPERTIES | ||
| 650 | _aJACOBS V CHAUDHURI | ||
| 650 | _aJOINT TENANTS | ||
| 650 | _aKAISER (ENGINEERS) CONSTRUCTORS V ER SQUIBB & SONS | ||
| 650 | _aKAMMINS BALLROOMS CO V ZENITH INVESTMENTS (TORQUAY) | ||
| 650 | _aLANDLORD AND TENANT ACT 1954 PART II | ||
| 650 | _aM&P ENTERPRISES (LONDON) V NORFOLK SQUARE HOTELS | ||
| 650 | _aMORROW V NADEEM | ||
| 650 | _aNORTON V CHARLES DEANE PRODUCTIONS | ||
| 650 | _aPEARSON V ALYO | ||
| 650 | _aSERVING NOTICES | ||
| 650 | _aSOUTHPORT OLD LINKS V NAYLOR | ||
| 650 | _aTROPIS SHIPPING CO V IBEX PROPERTY CORPORATION | ||
| 690 | _aLANDLORD AND TENANT-BUSINESS TENANCIES | ||
| 942 | _n0 | ||
| 948 | _c04/03/1997 | ||
| 999 |
_c6286 _d6286 |
||